OPAC Home

කථාවස්තුප්‍ර‍කරණ 1 (Record no. 124599)

MARC details
000 -LEADER
fixed length control field 00596nam a2200205Ia 4500
003 - CONTROL NUMBER IDENTIFIER
control field LK-CoDNM
008 - FIXED-LENGTH DATA ELEMENTS--GENERAL INFORMATION
fixed length control field 010623t2005 xxu||||| |||| 00| 1 Pali d
040 ## - CATALOGING SOURCE
Original cataloging agency LK-CoDNM
Modifying agency LK-CoDNM
Description conventions LK-CoDNM
041 ## - LANGUAGE CODE
Language code of text/sound track or separate title
-- Sinhala; Sinhalese
080 ## - UNIVERSAL DECIMAL CLASSIFICATION NUMBER
Universal Decimal Classification number 294.3TRI
942 ## - ADDED ENTRY ELEMENTS (KOHA)
Koha item type Books
100 ## - MAIN ENTRY--PERSONAL NAME
Personal name Nanaloka himi,Kodagoda
245 ## - TITLE STATEMENT
Title කථාවස්තුප්‍ර‍කරණ 1
246 ## - VARYING FORM OF TITLE
Title proper/short title Kathavastuprakarana 1
260 ## - PUBLICATION, DISTRIBUTION, ETC. (IMPRINT)
Name of publisher, distributor, etc. Buddhist Cultural Centre
Place of publication, distribution, etc. Dehiwala
Date of publication, distribution, etc. 2005
300 ## - PHYSICAL DESCRIPTION
Other physical details xxxxiii,589p, 30 cm
500 ## - GENERAL NOTE
General note Buddha Jayanthi Tripitaka Series
650 ## - SUBJECT ADDED ENTRY--TOPICAL TERM
Topical term or geographic name as entry element Abhidharmapitaka
650 ## - SUBJECT ADDED ENTRY--TOPICAL TERM
Topical term or geographic name as entry element Buddhism
Holdings
Withdrawn status Lost status Damaged status Not for loan Collection code Permanent Location Current Location Date acquired Full call number Barcode Koha item type
        Monographs Library National Museum Colombo - Sri Lanka Library National Museum Colombo - Sri Lanka 2023-08-02 294.3TRI 146487 Books
Copyright © 2023 Department of National Museum, Colombo 07, Sri Lanka Funded by UNESCO IFAP UNESCO